000 00353nam a2200121Ia 4500
008 220615s9999||||xx |||||||||||||| ||und||
245 0 _aGoiter
_bCauses and Treatment
546 _aEnglish[eng]
650 _aEndocrinology
700 _aAgrawal, N.K.
856 _uhttps://mts.intechopen.com/storage/books/9077/authors_book/authors_book.pdf
942 _cEB
999 _c12085
_d12085